Blockchain Governance (Record no. 43540)
[ view plain ]
| 000 -LEADER | |
|---|---|
| fixed length control field | 01541cam a22003978i 4500 |
| 001 - CONTROL NUMBER | |
| control field | 23478784 |
| 005 - DATE AND TIME OF LATEST TRANSACTION | |
| control field | 20250403163533.0 |
| 008 - FIXED-LENGTH DATA ELEMENTS--GENERAL INFORMATION | |
| fixed length control field | 231222s2024 mau b 001 0 eng |
| 010 ## - LIBRARY OF CONGRESS CONTROL NUMBER | |
| LC control number | 2023053314 |
| 020 ## - INTERNATIONAL STANDARD BOOK NUMBER | |
| International Standard Book Number | 9780262549059 |
| 020 ## - INTERNATIONAL STANDARD BOOK NUMBER | |
| Canceled/invalid ISBN | 9780262379861 |
| 020 ## - INTERNATIONAL STANDARD BOOK NUMBER | |
| Canceled/invalid ISBN | 9780262379878 |
| 041 ## - LANGUAGE CODE | |
| Language code of text/sound track or separate title | eng |
| 042 ## - AUTHENTICATION CODE | |
| Authentication code | pcc |
| 082 00 - DEWEY DECIMAL CLASSIFICATION NUMBER | |
| Classification number | 005.7588 FIL |
| 100 1# - MAIN ENTRY--PERSONAL NAME | |
| Author | Filippi, Primavera De |
| 245 10 - TITLE STATEMENT | |
| Title | Blockchain Governance |
| 260 ## - PUBLICATION, DISTRIBUTION, ETC. | |
| Place | London |
| Publisher | MIT Press |
| Publication Year | 2024 |
| 300 ## - PHYSICAL DESCRIPTION | |
| Extent | 226;. pages: 18 cm |
| 504 ## - BIBLIOGRAPHY, ETC. NOTE | |
| Bibliography, etc. note | Includes bibliographical references and index. |
| 520 ## - SUMMARY, ETC. | |
| Summary, etc. | "Blockchain Governance offers an accessible, critical overview of legal and political issues related to blockchain technology. It moves beyond the hype, showing how blockchain offers a fertile ground for experimentation with radically new ways to govern people and institutions"-- |
| 650 #0 - SUBJECT ADDED ENTRY--TOPICAL TERM | |
| Subject | Blockchains (Databases) |
| 650 #0 - SUBJECT ADDED ENTRY--TOPICAL TERM | |
| Subject | Internet governance. |
| 650 #0 - SUBJECT ADDED ENTRY--TOPICAL TERM | |
| Subject | Technology and law. |
| 700 1# - ADDED ENTRY--PERSONAL NAME | |
| Co-Author | Reijers, Wessel, |
| 700 1# - ADDED ENTRY--PERSONAL NAME | |
| Co-Author | Mannan, Morshed, |
| 942 ## - ADDED ENTRY ELEMENTS (KOHA) | |
| Koha item type | Books |
| 263 ## - PROJECTED PUBLICATION DATE | |
| Projected publication date | 2407 |
| 264 #1 - PRODUCTION, PUBLICATION, DISTRIBUTION, MANUFACTURE, AND COPYRIGHT NOTICE | |
| Place of production, publication, distribution, manufacture | Cambridge, Massachusetts : |
| Name of producer, publisher, distributor, manufacturer | The MIT Press, |
| Date of production, publication, distribution, manufacture, or copyright notice | [2024] |
| 336 ## - CONTENT TYPE | |
| Content type term | text |
| Content type code | txt |
| Source | rdacontent |
| 337 ## - MEDIA TYPE | |
| Media type term | unmediated |
| Media type code | n |
| Source | rdamedia |
| 338 ## - CARRIER TYPE | |
| Carrier type term | volume |
| Carrier type code | nc |
| Source | rdacarrier |
| 776 08 - ADDITIONAL PHYSICAL FORM ENTRY | |
| Relationship information | Online version: |
| Main entry heading | De Filippi, Primavera. |
| Title | Blockchain governance |
| Place, publisher, and date of publication | Cambridge, Massachusetts : The MIT Press, [2024] |
| International Standard Book Number | 9780262379861 |
| Record control number | (DLC) 2023053315 |
| 906 ## - LOCAL DATA ELEMENT F, LDF (RLIN) | |
| a | 7 |
| b | cbc |
| c | orignew |
| d | 1 |
| e | ecip |
| f | 20 |
| g | y-gencatlg |
| Withdrawn status | Lost status | Source of classification or shelving scheme | Damaged status | Not for loan | Home library | Current library | Shelving location | Accession Date | Vendor | Price | Bill number | Total Checkouts | Full call number | Barcode No | Date last seen | Discount | Bill Date | Koha item type | Suggested By |
|---|---|---|---|---|---|---|---|---|---|---|---|---|---|---|---|---|---|---|---|
| Dewey Decimal Classification | IMTN | IMTN | Rack 3-B | 03/26/2025 | Raghav Books Private Limited | 1500.00 | 2374 | 005.7588 FIL | 33820 | 04/03/2025 | 30 | 02/14/2025 | Books | Dr. Mantha Raghu (Head Librarian) |